| 000 | 00478nam a2200121Ia 4500 | ||
|---|---|---|---|
| 008 | 220620s9999||||xx |||||||||||||| ||und|| | ||
| 100 | _aSpindler, Manuela | ||
| 245 | 0 |
_aInternational Relations _bA Self-Study Guide to Theory |
|
| 546 | _aEnglish[eng] | ||
| 650 | _aPolitical Science and International Studies||International Relations Theory||Metatheory||Philosophy of science in IR | ||
| 856 | _uhttps://library.oapen.org/bitstream/20.500.12657/22471/1/1007712.pdf | ||
| 942 | _cEB | ||
| 999 |
_c22239 _d22239 |
||